<?xml version="1.0" encoding="UTF-8"?>
<collection xmlns="http://www.loc.gov/MARC21/slim">
 <record>
  <leader>05388nam a2200433 a 4500</leader>
  <controlfield tag="001">kal1095</controlfield>
  <controlfield tag="003">Gr-AtHEAL</controlfield>
  <controlfield tag="005">20160505084113.0</controlfield>
  <controlfield tag="006">m        d        </controlfield>
  <controlfield tag="008">160413s2015    gr      s           gre|c</controlfield>
  <datafield tag="020" ind1=" " ind2=" ">
   <subfield code="a">9789606030956</subfield>
  </datafield>
  <datafield tag="040" ind1=" " ind2=" ">
   <subfield code="a">GR-AtHEAL</subfield>
   <subfield code="b">gre</subfield>
   <subfield code="c">GR-AtHEAL</subfield>
  </datafield>
  <datafield tag="082" ind1="0" ind2="4">
   <subfield code="a">530</subfield>
   <subfield code="2">23</subfield>
  </datafield>
  <datafield tag="100" ind1="1" ind2=" ">
   <subfield code="a">Τζανάκης, Γεώργιος.</subfield>
   <subfield code="8">2749</subfield>
  </datafield>
  <datafield tag="245" ind1="1" ind2="0">
   <subfield code="a">Ηλεκτρονικό βιβλίο εργαστηριακών ασκήσεων φυσικής Ι</subfield>
   <subfield code="h">[Ηλεκτρονικός πόρος] </subfield>
   <subfield code="c">Τζανάκης, Γεώργιος ; Μπερταχάς Ιωάννης ; Μιχελάκη, Παρασκευή ; Παυλάκης, Κωνσταντίνος ; Κριτικός αναγνώστης,Καραμπαρμπούνης, Ανδρέας.</subfield>
  </datafield>
  <datafield tag="260" ind1=" " ind2=" ">
   <subfield code="a">Αθήνα :</subfield>
   <subfield code="b">Σύνδεσμος Ελληνικών Ακαδημαϊκών Βιβλιοθηκών,</subfield>
   <subfield code="c">c2015.</subfield>
  </datafield>
  <datafield tag="490" ind1=" " ind2=" ">
   <subfield code="a">Ακαδημαϊκά Ηλεκτρονικά Συγγράμματα και Βοηθήματα Κάλλιπος</subfield>
   <subfield code="8">40</subfield>
  </datafield>
  <datafield tag="505" ind1=" " ind2=" ">
   <subfield code="a">1. Εισαγωγή - Μια απλοποιημένη θεωρία σφαλμάτων γραφικές παραστάσεις2. Μέτρηση του συντελεστή γραμμικής διαστολής του υλικού μιας μεταλλικής ράβδου3. Υπολογισμός πυκνότητας ομογενούς στερεού4. Υπολογισμός του μέτρου της ταχύτητας και της επιτάχυνσης5. Θεμελιώδης νόμος της μηχανικής6. Υπολογισμός της σταθεράς ελατηρίου7. Ώθηση δύναμης – Μεταβολή Ορμής8. Υπολογισμός της ειδικής θερμότητας υλικού9. Ελαστικές και μη ελαστικές κρούσεις – Αρχή διατήρησης ορμής10. Μελέτη στροφικής κίνησης στερεού σώματος11. Παίζω – Μαθαίνω – Αποφασίζω12. Υπολογισμός συντελεστών κινητικής και στατικής τριβής13. ΠΑΡΑΡΤΗΜΑ - Ακρίβεια – Επαναληψιμότητα μετρήσεων</subfield>
  </datafield>
  <datafield tag="520" ind1=" " ind2=" ">
   <subfield code="a">Το βιβλίο αυτό απευθύνεται σε προπτυχιακούς φοιτητές που διδάσκονται εργαστήρια φυσικής που αφορούν κυρίως μηχανική και θερμότητα. Όλες οι εργαστηριακές ασκήσεις που διδάσκονται στα εργαστήρια φυσικής Ι του ΤΕΙ Κρήτης στο τμήμα Μηχανολόγων Μηχανικών υπάρχουν στο βιβλίο αυτό.Μπορεί λοιπόν να χρησιμοποιηθεί σε όλα τα αντίστοιχα τμήματα των ΤΕΙ καθώς και σε παρεμφερή όπως π.χ. στα τμήματα Ηλεκτρολόγων Μηχανικών.Οι ασκήσεις που υπάρχουν αναφέρονται:Στη θεωρία σφαλμάτων και στον τρόπο παρουσίασης των μετρήσεων.Στη χρήση βασικών οργάνων και εργαλείων.Στη δημιουργία γραφικών παραστάσεων.Στις βασικές έννοιες θερμότητας, μέτρηση συντελεστή θερμικής διαστολής , μέτρηση ειδικής θερμότητας.Στις μηχανικές έννοιες και μετρήσεις ταχύτητας, επιτάχυνσης , επιτάχυνση της βαρύτητας, ορμής, ώθησης, ενέργειας, συντελεστή τριβής, ροπής αδράνειας .Σε πολλές ασκήσεις η λήψη των μετρήσεων γίνεται με αισθητήρα και η επεξεργασία με κατάλληλο πρόγραμμα (Data studio).</subfield>
  </datafield>
  <datafield tag="650" ind1=" " ind2="0">
   <subfield code="a">Physics</subfield>
   <subfield code="x">Problems, exercises, etc. </subfield>
   <subfield code="8">2275</subfield>
  </datafield>
  <datafield tag="653" ind1=" " ind2=" ">
   <subfield code="a">Νόμοι Νεύτωνα</subfield>
  </datafield>
  <datafield tag="653" ind1=" " ind2=" ">
   <subfield code="a">Όργανα μέτρησης</subfield>
  </datafield>
  <datafield tag="653" ind1=" " ind2=" ">
   <subfield code="a">Θερμική διαστολή</subfield>
  </datafield>
  <datafield tag="653" ind1=" " ind2=" ">
   <subfield code="a">Σφάλματα</subfield>
  </datafield>
  <datafield tag="653" ind1=" " ind2=" ">
   <subfield code="a">Ώθηση</subfield>
  </datafield>
  <datafield tag="653" ind1=" " ind2=" ">
   <subfield code="a">Ορμή</subfield>
  </datafield>
  <datafield tag="653" ind1=" " ind2=" ">
   <subfield code="a">Επιτάχυνση</subfield>
  </datafield>
  <datafield tag="653" ind1=" " ind2=" ">
   <subfield code="a">Ταχύτητα</subfield>
  </datafield>
  <datafield tag="653" ind1=" " ind2=" ">
   <subfield code="a">Φυσική</subfield>
   <subfield code="a">Γενική Φυσική</subfield>
  </datafield>
  <datafield tag="653" ind1=" " ind2=" ">
   <subfield code="a">Φυσική</subfield>
   <subfield code="a">Ηλεκτρομαγνητισμός, οπτική, ακουστική, μεταφορά θερμότητας, κλασική μηχανική,  ρευστοδυναμική</subfield>
   <subfield code="a">Μηχανική</subfield>
  </datafield>
  <datafield tag="700" ind1="1" ind2=" ">
   <subfield code="a">Μπερταχάς, Ιωάννης</subfield>
   <subfield code="e">Συγγραφέας</subfield>
   <subfield code="8">2750</subfield>
  </datafield>
  <datafield tag="700" ind1="1" ind2=" ">
   <subfield code="a">Μιχελάκη, Παρασκευή</subfield>
   <subfield code="e">Συγγραφέας</subfield>
   <subfield code="8">2751</subfield>
  </datafield>
  <datafield tag="700" ind1="1" ind2=" ">
   <subfield code="a">Παυλάκης, Κωνσταντίνος</subfield>
   <subfield code="e">Συγγραφέας</subfield>
   <subfield code="8">2752</subfield>
  </datafield>
  <datafield tag="700" ind1="1" ind2=" ">
   <subfield code="a">Καραμπαρμπούνης, Ανδρέας</subfield>
   <subfield code="e">Κριτικός αναγνώστης</subfield>
   <subfield code="8">2753</subfield>
  </datafield>
  <datafield tag="856" ind1="4" ind2="0">
   <subfield code="u">http://hdl.handle.net/11419/1095</subfield>
   <subfield code="z">Πλήρες Κείμενο - Full text</subfield>
  </datafield>
  <datafield tag="907" ind1=" " ind2=" ">
   <subfield code="a">.b25679740</subfield>
   <subfield code="b">12-06-18</subfield>
   <subfield code="c">29-07-16</subfield>
  </datafield>
  <datafield tag="949" ind1=" " ind2=" ">
   <subfield code="0">0</subfield>
   <subfield code="1">0</subfield>
   <subfield code="2">ddc</subfield>
   <subfield code="4">0</subfield>
   <subfield code="6">530_000000000000000_ΤΖΑ</subfield>
   <subfield code="7">0</subfield>
   <subfield code="8">KALL</subfield>
   <subfield code="8">733</subfield>
   <subfield code="d">2016-04-13</subfield>
   <subfield code="r">2016-04-13</subfield>
   <subfield code="w">2016-04-13</subfield>
   <subfield code="z">530 ΤΖΑ</subfield>
   <subfield code="o">SEAB KALLIPOS</subfield>
  </datafield>
  <datafield tag="998" ind1=" " ind2=" ">
   <subfield code="a">80</subfield>
   <subfield code="a">01</subfield>
   <subfield code="a">02</subfield>
   <subfield code="a">03</subfield>
   <subfield code="a">04</subfield>
   <subfield code="a">05</subfield>
   <subfield code="a">06</subfield>
   <subfield code="a">07</subfield>
   <subfield code="a">08</subfield>
   <subfield code="a">09</subfield>
   <subfield code="a">10</subfield>
   <subfield code="a">11</subfield>
   <subfield code="a">12</subfield>
   <subfield code="a">13</subfield>
   <subfield code="a">14</subfield>
   <subfield code="a">15</subfield>
   <subfield code="a">16</subfield>
   <subfield code="a">17</subfield>
   <subfield code="a">18</subfield>
   <subfield code="a">19</subfield>
   <subfield code="a">20</subfield>
   <subfield code="a">21</subfield>
   <subfield code="a">22</subfield>
   <subfield code="a">23</subfield>
   <subfield code="a">24</subfield>
   <subfield code="a">25</subfield>
   <subfield code="a">26</subfield>
   <subfield code="b">16-05-17</subfield>
   <subfield code="c">m</subfield>
   <subfield code="d">z  </subfield>
   <subfield code="e">-</subfield>
   <subfield code="f">gre</subfield>
   <subfield code="g">gr </subfield>
   <subfield code="h">0</subfield>
  </datafield>
  <datafield tag="942" ind1=" " ind2=" ">
   <subfield code="2">ddc</subfield>
   <subfield code="c">KALLIPOS</subfield>
  </datafield>
 </record>
</collection>
